[Event "Porto-ch U18"]
[Site "Porto"]
[Date "2002.02.02"]
[Round "6.2"]
[White "Carvalho, Joel"]
[Black "Quinta, Daniel"]
[Result "0-1"]
[WhiteElo "1286"]
[BlackElo "2033"]
[PlyCount "56"]
[EventDate "2002.02.??"]
[EventType "swiss"]
[EventRounds "7"]
[EventCountry "POR"]
[SourceTitle "EXT 2003"]
[Source "ChessBase"]
[SourceDate "2002.11.25"]
[SourceVersion "1"]
[SourceVersionDate "2002.11.25"]
[SourceQuality "1"]

1. e4 c5 2. Nf3 a6 3. d4 cxd4 4. Nxd4 Nf6 5. Nc3 e5 6. Nf3 Bb4 7. Bd3 d5 8. Bd2 Bxc3 9. Bxc3 dxe4 10. Bxe4 Qxd1+ 11. Rxd1 Nxe4 12. Bxe5 0-0 13. 0-0 Nc6 14. Bf4 Bg4 15. Rfe1 Bxf3 16. gxf3 Nf6 17. Bg5 h6 18. Be3 Rfd8 19. c3 Rxd1 20. Rxd1 Rd8 21. Rf1 Nd5 22. Rd1 Nxe3 23. Rxd8+ Nxd8 24. fxe3 f5 25. h4 Kf7 26. Kf2 g5 27. h5 Ne6 28. Kg3 Ng7 0-1